00653 2200229 4500001002100000005001500021035002000036007000300056008004100059020001800100082001000118084001600128100002600144245008200170250001700252260003600269300003800305650002800343520003000371990001100401990001100412INLIS00000000000439920191107091906 a0010-1119000026ta191107 g 0 ind  a9786025568046 a001.4 a001.4 JAS p0 aJASA, Ungguh Muliawan1 aPenelitian Tindakan Kelas (Classroom Action Research) /cJasa Ungguh Muliawan aedisi revisi aYogyakarta :bGava Media,c2018 axviii, 248 hlm. :bilus. ;c23 cm 4aPENGETAHUAN. PENELITIAN aBibliografi: hlm. 247-248 a7118 a a7118 b